Microelectronics Circuit (Record no. 611319)

000 -LEADER
fixed length control field 00354nam a22001337a 4500
040 ## - CATALOGING SOURCE
Transcribing agency Nust
082 ## - DEWEY DECIMAL CLASSIFICATION NUMBER
Classification number 621.3815
Author Mark SED
100 ## - MAIN ENTRY--PERSONAL NAME
Personal name Kenneth C. Smith
9 (RLIN) 125574
245 ## - TITLE STATEMENT
Title Microelectronics Circuit
250 ## - EDITION STATEMENT
Edition statement 4th Edition
260 ## - PUBLICATION, DISTRIBUTION, ETC.
Place of publication, distribution, etc. Now York:
Name of publisher, distributor, etc. Oxford University Press,
Date of publication, distribution, etc. 1998.
650 ## - SUBJECT ADDED ENTRY--TOPICAL TERM
Topical term or geographic name entry element Microelectronics Circuit
9 (RLIN) 125575
942 ## - ADDED ENTRY ELEMENTS (KOHA)
Source of classification or shelving scheme
Koha item type Book
Holdings
Withdrawn status Lost status Source of classification or shelving scheme Damaged status Not for loan Permanent Location Current Location Shelving location Date acquired Total Checkouts Total Renewals Full call number Barcode Checked out Date last seen Date last checked out Price effective from Koha item type
          College of Electrical & Mechanical Engineering (CEME) College of Electrical & Mechanical Engineering (CEME) General Stacks 09/02/2024 1 1 621.3815 SED CEME- 35737 01/31/2026 11/17/2025 11/17/2025 09/02/2024 Book
© 2023 Central Library, National University of Sciences and Technology. All Rights Reserved.